[Event "Warsaw Maciei Memorial"]
[Site "Warsaw"]
[Date "2025.07.07"]
[Round "2"]
[White "Knudsen, Martin"]
[Black "Gdanski, Jacek"]
[Result "0-1"]
[WhiteElo "1970"]
[BlackElo "2492"]
[PlyCount "94"]
[EventDate "2025.07.07"]
[EventType "swiss (blitz)"]
[EventRounds "11"]
[EventCountry "POL"]
[SourceTitle "CB28_2025"]
[SourceDate "2025.07.09"]
[SourceVersion "1"]
[SourceVersionDate "2025.07.09"]
[SourceQuality "1"]

1. d4 Nf6 2. Nf3 c5 3. d5 g6 4. c4 Bg7 5. Nc3 d6 6. e4 0-0 7. Be2 e6 8. 0-0 Re8 9. Re1 exd5 10. exd5 Bg4 11. h3 Bxf3 12. Bxf3 Rxe1+ 13. Qxe1 Nbd7 14. Bf4 Qb6 15. Qd2 Re8 16. Rb1 Ne5 17. Be2 a6 18. b3 Qa5 19. a4 Qb4 20. Qc2 h5 21. Na2 Qb6 22. Kf1 Ned7 23. Bd2 Ne4 24. Be1 f5 25. f3 Nef6 26. a5 Qc7 27. Bc3 Nh7 28. f4 Qd8 29. Bxg7 Kxg7 30. Qc3+ Kg8 31. Re1 Qh4 32. Qf3 Re4 33. g3 Qxh3+ 34. Kf2 Qh2+ 35. Qg2 Qxg2+ 36. Kxg2 Re3 37. Nc1 Nhf6 38. Kf2 Rc3 39. Bf3 Rc2+ 40. Ke3 Ng4+ 41. Bxg4 hxg4 42. Kd3 Rg2 43. Re3 Nf6 44. Ne2 Ne4 45. Kc2 Nxg3 46. Kd3 Ne4 47. Nc3 Rd2# 0-1

[Event "Warsaw Independence Rapid op"]
[Site "Warsaw"]
[Date "2024.11.11"]
[Round "1"]
[White "Grzelak, Piotr1"]
[Black "Gdanski, Jacek"]
[Result "0-1"]
[WhiteElo "1698"]
[BlackElo "2484"]
[PlyCount "38"]
[EventDate "2024.11.11"]
[EventType "swiss (rapid)"]
[EventRounds "9"]
[EventCountry "POL"]
[SourceTitle "CB47_2024"]
[SourceDate "2024.11.20"]
[SourceVersion "1"]
[SourceVersionDate "2024.11.20"]
[SourceQuality "1"]

1. d4 Nf6 2. Bf4 c5 3. e3 Qb6 4. Na3 d6 5. c3 a6 6. Qc2 Nh5 7. 0-0-0 Nxf4 8. exf4 cxd4 9. Nc4 Qc7 10. cxd4 Nd7 11. Be2 Nf6 12. Bf3 g6 13. h3 Bf5 14. Qc3 Rc8 15. b3 b5 16. g4 Be4 17. Bxe4 Nxe4 18. Nxd6+ exd6 19. Qxc7 Rxc7+ 0-1

[Event "Warsaw Independence Rapid op"]
[Site "Warsaw"]
[Date "2024.11.11"]
[Round "3"]
[White "Padalka, Artem"]
[Black "Gdanski, Jacek"]
[Result "1-0"]
[WhiteElo "2084"]
[BlackElo "2484"]
[PlyCount "79"]
[EventDate "2024.11.11"]
[EventType "swiss (rapid)"]
[EventRounds "9"]
[EventCountry "POL"]
[SourceTitle "CB47_2024"]
[SourceDate "2024.11.20"]
[SourceVersion "1"]
[SourceVersionDate "2024.11.20"]
[SourceQuality "1"]

1. d4 Nf6 2. Nf3 c5 3. c3 Qc7 4. g3 b6 5. Bg2 Bb7 6. 0-0 d6 7. a4 e6 8. a5 Be7 9. a6 Bc6 10. dxc5 bxc5 11. Nbd2 0-0 12. Nc4 Nbd7 13. Bf4 e5 14. Bg5 h6 15. Bxf6 Nxf6 16. Nh4 Bxg2 17. Kxg2 Rab8 18. Ra2 Qc8 19. Qa4 Qe6 20. Na5 e4 21. Nc6 Rb6 22. Nf5 Bd8 23. Ne3 Bc7 24. Nxa7 Ra8 25. Nb5 Raxa6 26. Qxa6 Rxa6 27. Rxa6 Bd8 28. Rxd6 Qe8 29. Rfd1 Qxb5 30. Rxd8+ Kh7 31. R1d2 h5 32. h4 Ng4 33. Nxg4 hxg4 34. R8d5 g6 35. b4 Qc4 36. Rxc5 Qb3 37. Rc7 Kh6 38. Rdd7 e3 39. Rxf7 Qd5+ 40. Kh2 1-0

[Event "Warsaw Maciei Memorial Blitz"]
[Site "Warsaw"]
[Date "2024.07.08"]
[Round "6"]
[White "Gdanski, Jacek"]
[Black "Klimkowski, Jan"]
[Result "1/2-1/2"]
[WhiteElo "2482"]
[BlackElo "2498"]
[PlyCount "80"]
[EventDate "2024.07.08"]
[EventType "swiss (blitz)"]
[EventRounds "11"]
[EventCountry "POL"]
[SourceTitle "CBM 221 Extra"]
[Source "ChessBase"]
[SourceDate "2024.09.30"]
[SourceVersion "1"]
[SourceVersionDate "2024.09.30"]
[SourceQuality "1"]

1. e4 e5 2. Nf3 Nc6 3. Bb5 f5 4. Nc3 fxe4 5. Nxe4 Nf6 6. Qe2 d5 7. Nxf6+ gxf6 8. d4 e4 9. Nh4 Be6 10. Bxc6+ bxc6 11. f3 f5 12. g3 Bg7 13. c3 0-0 14. 0-0 Qe7 15. Bf4 c5 16. Be5 cxd4 17. cxd4 Bxe5 18. dxe5 Qg7 19. f4 c5 20. b4 cxb4 21. Qd2 Qb7 22. g4 Qb6+ 23. Kh1 e3 24. Qg2 Kh8 25. gxf5 Bxf5 26. Nxf5 Rxf5 27. Qxd5 Rd8 28. Qe4 Qd4 29. Qxd4 Rxd4 30. Rae1 Rdxf4 31. Rxf4 Rxf4 32. Rxe3 Kg8 33. e6 Kf8 34. Rh3 Rf2 35. a3 a5 36. axb4 axb4 37. Kg1 Rb2 38. Rxh7 b3 39. Rb7 Re2 40. Rxb3 Rxe6 1/2-1/2

[Event "Warsaw Maciei Memorial Blitz"]
[Site "Warsaw"]
[Date "2024.07.08"]
[Round "11"]
[White "Gdanski, Jacek"]
[Black "Padalka, Artem"]
[Result "1-0"]
[WhiteElo "2482"]
[BlackElo "2177"]
[PlyCount "107"]
[EventDate "2024.07.08"]
[EventType "swiss (blitz)"]
[EventRounds "11"]
[EventCountry "POL"]
[SourceTitle "CBM 221 Extra"]
[Source "ChessBase"]
[SourceDate "2024.09.30"]
[SourceVersion "1"]
[SourceVersionDate "2024.09.30"]
[SourceQuality "1"]

1. e4 c5 2. Nc3 Nc6 3. Nf3 g6 4. Bb5 Nd4 5. Bc4 Bg7 6. Nxd4 cxd4 7. Qf3 e6 8. Nb5 d6 9. Qg3 e5 10. Qa3 Bf8 11. Qb3 Qd7 12. Nxd4 a6 13. Ne2 Nf6 14. Nc3 Bg7 15. d3 0-0 16. Nd5 Nxd5 17. Bxd5 Kh8 18. 0-0 f5 19. f4 fxe4 20. dxe4 Qe7 21. Bd2 Rb8 22. Qg3 Bd7 23. c3 b5 24. h3 a5 25. a3 Bh6 26. Rf2 Bg7 27. Raf1 Rbc8 28. fxe5 Rxf2 29. Qxf2 Bxe5 30. Bh6 Re8 31. Qf7 Qxf7 32. Rxf7 Bc8 33. Bc6 Rd8 34. Bxb5 Be6 35. Re7 Bb3 36. a4 Bf6 37. Re8+ Rxe8 38. Bxe8 g5 39. Bc6 Kg8 40. Bd5+ Bxd5 41. exd5 Kf7 42. Kf2 Kg6 43. Bf8 Be5 44. Be7 Kf5 45. Kf3 h5 46. g4+ hxg4+ 47. hxg4+ Kg6 48. Bd8 Bf4 49. Bxa5 Bc1 50. b4 Kf6 51. Ke4 Bd2 52. b5 Bf4 53. b6 Ke7 54. b7 1-0

[Event "Katowice Silesia 100th Ann op"]
[Site "Katowice"]
[Date "2024.04.28"]
[Round "10"]
[White "Gdanski, Jacek"]
[Black "Smetek, Michal"]
[Result "1/2-1/2"]
[WhiteElo "2482"]
[BlackElo "2056"]
[PlyCount "189"]
[EventDate "2024.04.27"]
[EventType "swiss (rapid)"]
[EventRounds "11"]
[EventCountry "POL"]
[SourceTitle "CBM 220 Extra"]
[Source "ChessBase"]
[SourceDate "2024.07.31"]
[SourceVersion "1"]
[SourceVersionDate "2024.07.31"]
[SourceQuality "1"]

1. e4 c6 2. d4 d5 3. exd5 cxd5 4. c4 Nf6 5. Nc3 Nc6 6. Nf3 e6 7. c5 Be7 8. Bb5 Bd7 9. 0-0 0-0 10. Re1 b6 11. Bxc6 Bxc6 12. Ne5 Qc8 13. b4 bxc5 14. bxc5 Nd7 15. Bf4 Bd8 16. Re3 Nxe5 17. Bxe5 Bc7 18. Qh5 Bxe5 19. Qxe5 Qb8 20. Qh5 Qf4 21. Ne2 Qf6 22. Rb1 Rab8 23. Reb3 Rxb3 24. Rxb3 Ba4 25. Rf3 Rb8 26. h4 Qe7 27. Nc3 Bc2 28. Qe5 Qe8 29. Rg3 Bg6 30. c6 h5 31. a4 a6 32. Qd6 Qd8 33. Qxd8+ Rxd8 34. Ne2 Bc2 35. a5 Ba4 36. Rc3 Bb5 37. Nf4 Rc8 38. Nxh5 Rxc6 39. Rxc6 Bxc6 40. f4 f6 41. Kf2 Kf7 42. Ke3 Bb5 43. g4 Bc4 44. Ng3 Bb5 45. h5 Ba4 46. Kd2 g6 47. h6 g5 48. f5 e5 49. Nf1 exd4 50. Nh2 Kg8 51. Kd3 Kh7 52. Kxd4 Bb3 53. Nf1 Kxh6 54. Ne3 Kg7 55. Nxd5 Bd1 56. Ne3 Be2 57. Kd5 Kf7 58. Kd6 Bd3 59. Kd5 Be2 60. Kd4 Ke7 61. Nd5+ Kf7 62. Ne3 Ke7 63. Nd5+ Kf7 64. Ne3 Ke7 65. Kc5 Kf7 66. Kb6 Kg7 67. Kc7 Kf7 68. Kd7 Bd3 69. Nd1 Be2 70. Nf2 Bb5+ 71. Kd6 Be2 72. Kd5 Ke7 73. Kc5 Kf7 74. Kd4 Ke7 75. Ke3 Bb5 76. Nd1 Kd6 77. Kd4 Be2 78. Nf2 Ke7 79. Kc5 Kf7 80. Kb6 Ke7 81. Kc6 Kf7 82. Kd6 Bf3 83. Kd7 Be2 84. Kc6 Bf3+ 85. Kb6 Be2 86. Ne4 Bxg4 87. Kxa6 Ke7 88. Ng3 Kd6 89. Kb6 Bf3 90. a6 Ke5 91. a7 Kf4 92. Ne2+ Ke3 93. Ng3 Kf4 94. Ne2+ Ke3 95. Ng3 1/2-1/2

[Event "Katowice Silesia 100th Ann op"]
[Site "Katowice"]
[Date "2024.04.27"]
[Round "6"]
[White "Gdanski, Jacek"]
[Black "Golis, Wiktor"]
[Result "1-0"]
[WhiteElo "2482"]
[BlackElo "2244"]
[PlyCount "73"]
[EventDate "2024.04.27"]
[EventType "swiss (rapid)"]
[EventRounds "11"]
[EventCountry "POL"]
[SourceTitle "CBM 220 Extra"]
[Source "ChessBase"]
[SourceDate "2024.07.31"]
[SourceVersion "1"]
[SourceVersionDate "2024.07.31"]
[SourceQuality "1"]

1. e4 c6 2. d4 d5 3. exd5 cxd5 4. c4 Nf6 5. Nc3 Nc6 6. Nf3 a6 7. Bg5 Be6 8. Be2 g6 9. Bxf6 exf6 10. c5 Bg7 11. 0-0 0-0 12. b4 Bg4 13. h3 Bxf3 14. Bxf3 f5 15. Nxd5 Nxd4 16. Rc1 Qg5 17. Rc4 Nc6 18. h4 Qh6 19. Qc1 Ne5 20. Qxh6 Bxh6 21. Rd4 Bg7 22. Rd2 Nxf3+ 23. gxf3 Rad8 24. Rfd1 Kh8 25. a4 h5 26. Kg2 Rfe8 27. Nc7 Rxd2 28. Rxd2 Re7 29. Rd8+ Kh7 30. Nd5 Re2 31. Rd7 Bd4 32. Rxf7+ Kg8 33. Rxb7 Rxf2+ 34. Kg3 Rc2 35. Kf4 a5 36. c6 axb4 37. c7 1-0

[Event "Katowice Silesia 100th Ann op"]
[Site "Katowice"]
[Date "2024.04.27"]
[Round "5"]
[White "Stepinski, Piotr"]
[Black "Gdanski, Jacek"]
[Result "0-1"]
[WhiteElo "1926"]
[BlackElo "2482"]
[PlyCount "98"]
[EventDate "2024.04.27"]
[EventType "swiss (rapid)"]
[EventRounds "11"]
[EventCountry "POL"]
[SourceTitle "CBM 220 Extra"]
[Source "ChessBase"]
[SourceDate "2024.07.31"]
[SourceVersion "1"]
[SourceVersionDate "2024.07.31"]
[SourceQuality "1"]

1. e4 e5 2. Nf3 d6 3. d4 exd4 4. Nxd4 g6 5. Nc3 Bg7 6. Be3 Nc6 7. Be2 Nf6 8. 0-0 0-0 9. Qd2 Re8 10. f3 Bd7 11. Rad1 Qe7 12. Bc4 a6 13. Nd5 Qd8 14. Bg5 Ne5 15. Qf4 Nxd5 16. Bxd5 Qb8 17. c3 a5 18. Bf6 Bxf6 19. Qxf6 Qd8 20. Qxd8 Raxd8 21. Bb3 a4 22. Bc2 Nc4 23. Rf2 Nxb2 24. Rb1 a3 25. Re2 c5 26. Nb3 Na4 27. Re3 b5 28. Nd2 Nb2 29. Bb3 c4 30. Bc2 d5 31. Rbe1 Bc6 32. Nb1 dxe4 33. fxe4 Re5 34. Rf1 Kg7 35. Ref3 f5 36. Nxa3 Ra8 37. Nb1 Rxa2 38. R3f2 Bxe4 39. Bxe4 Rxe4 40. Nd2 Re3 41. Nf3 Rxc3 42. Rb1 Rb3 43. Rd1 Rd3 44. Rb1 c3 45. Ne5 Rd5 46. Nc6 Ra4 47. Rc2 b4 48. Nxb4 Rxb4 49. Rxc3 Rd1+ 0-1

[Event "SWE-chT 2324 Elite"]
[Site "Sweden"]
[Date "2024.03.04"]
[Round "4.34"]
[White "Gdanski, Jacek"]
[Black "Sumets, Andrey"]
[Result "1/2-1/2"]
[WhiteElo "2490"]
[BlackElo "2513"]
[PlyCount "92"]
[EventDate "2023.10.13"]
[EventType "team-tourn"]
[EventRounds "9"]
[EventCountry "SWE"]
[SourceTitle "EXT 2025"]
[Source "ChessBase"]
[SourceDate "2024.10.14"]
[SourceVersion "1"]
[SourceVersionDate "2024.10.14"]
[SourceQuality "1"]
[WhiteTeam "Eksjo"]
[BlackTeam "Vaxjo"]
[WhiteTeamCountry "SWE"]
[BlackTeamCountry "SWE"]

1. e4 c6 2. d4 d5 3. exd5 cxd5 4. c4 Nf6 5. Nc3 e6 6. Nf3 Bb4 7. Bd3 dxc4 8. Bxc4 0-0 9. 0-0 Nbd7 10. Qe2 Nb6 11. Bd3 Bd7 12. Bg5 Bc6 13. Ne5 Be7 14. Rad1 Nbd5 15. Rfe1 Rc8 16. Bb1 Nxc3 17. bxc3 Qd5 18. Nxc6 bxc6 19. Bh4 Rfe8 20. Bg3 Qa5 21. Qd3 g6 22. c4 Bf8 23. Re5 Qa6 24. Qc3 Qb7 25. Re2 Bg7 26. Be5 Qe7 27. Bc2 Red8 28. g3 Ne8 29. Qa5 c5 30. Bxg7 Nxg7 31. d5 Qc7 32. Qc3 Rd6 33. Red2 Rcd8 34. Qe5 Qe7 35. Rd3 Rc8 36. Ra3 Qc7 37. Kg2 exd5 38. Rxd5 Rc6 39. Be4 Ne6 40. Qxc7 R6xc7 41. Rd6 Nd4 42. Rda6 Re8 43. Bd5 Ree7 44. h4 h6 45. Rd6 Kg7 46. Rc3 g5 1/2-1/2